000 01883nam2a2200253 4500
001 RU\NLR\BIBL_A\022705961
005 20260213150934.0
010 _a978-5-7253-3309-1
_bч.1
_9300
021 _aRU
_bКН-П-25-072746
_9КН-П-25-7047
035 _a(NLR Aleph) 022705961
090 _a13536478
_c13536478
100 _a20260121d2025 u y0rusy50 ca
101 0 _arus
102 _aRU
105 _aa|||j|||000yy
200 0 _aЧ. 1
210 _d2025
215 _a178, [1] с.
_cил., табл.
320 _aБиблиогр. в конце кн.
461 0 _1001RU\NLR\BIBL_A\022705948
_12001#$aАнализ и визуализация данных средствами языка Python$eучебное пособие$eдля студентов специальностей 38.03.05 "Бизнес-информатика" (бакалавриат), аспирантов$eв трех частях$fА. В. Родионов$gМинистерство науки и высшего образования Российской Федерации, Байкальский государственный университет$vЧ. 1
_1700#1$aРодионов$bА. В.$cканд. техн. наук, информатика$gАлексей Владимирович$3RU\NLR\AUTH\770184135
_913552779
_aРодионов, А. В. (канд. техн. наук, информатика)
_cИркутск
_d2025-
_fА. В. Родионов
_nИздательский дом БГУ
_oучебное пособие : для студентов специальностей 38.03.05 "Бизнес-информатика" (бакалавриат), аспирантов : в трех частях
_tАнализ и визуализация данных средствами языка Python
_y978-5-7253-3301-5
_vЧ. 1
942 _cBOOK
980 _aNB